| Tag |
First Indicator |
Second Indicator |
Subfields |
| LEADER |
00000cam a22000008i 4500 |
| 001 |
in00004401439 |
| 005 |
20210422111702.0 |
| 006 |
m do | | |
| 007 |
cr ||||||||||| |
| 008 |
200521s2020 wau ob 001 0 eng |
| 010 |
|
|
|a 2020013483
|
| 020 |
|
|
|a 9780295747941
|q (ebook)
|
| 020 |
|
|
|a 0295747943
|
| 020 |
|
|
|z 9780295747934
|q (hardcover)
|
| 035 |
|
|
|a (DLC)jstorjstor (organization)
|
| 037 |
|
|
|a 22573/ctv1c6zprt
|b JSTOR
|
| 040 |
|
|
|a NhCcYBP
|c NhCcYBP
|d UtOrBLW
|
| 042 |
|
|
|a pcc
|
| 043 |
|
|
|a n-usp--
|
| 072 |
|
7 |
|a NAT
|x 003000
|2 bisacsh
|
| 072 |
|
7 |
|a POL
|x 044000
|2 bisacsh
|
| 072 |
|
7 |
|a HIS
|x 036140
|2 bisacsh
|
| 082 |
0 |
0 |
|a 599.7840978
|2 23
|
| 100 |
1 |
|
|a Chaney, Robert
|c (Environment reporter),
|e author.
|0 http://id.loc.gov/authorities/names/n2020026631
|
| 245 |
1 |
4 |
|a The grizzly in the driveway :
|b the return of bears to a crowded American west /
|c Robert Chaney.
|
| 250 |
|
|
|a 1st.
|
| 263 |
|
|
|a 2012
|
| 264 |
|
1 |
|a Seattle :
|b University of Washington Press,
|c [2020]
|
| 300 |
|
|
|a 1 online resource.
|
| 336 |
|
|
|a text
|b txt
|2 rdacontent
|
| 337 |
|
|
|a computer
|b n
|2 rdamedia
|
| 338 |
|
|
|a online resource
|b nc
|2 rdacarrier
|
| 504 |
|
|
|a Includes bibliographical references and index.
|
| 588 |
|
|
|a Description based on print version record and CIP data provided by publisher; resource not viewed.
|
| 505 |
0 |
|
|a Cover -- Title -- Copyright -- Dedication -- Contents -- Preface: Fear the Bear -- 1. Entering Grizzly Country -- 2. Ursus horribilis Facebookii -- 3. The Only Good Bear -- 4. Spirit Animal -- 5. From a Single Hair -- 6. Ethyl's Ramble -- 7. The Bear on the Bicycle -- 8. Roadkill -- 9. Grisly Hunting -- 10. Grizzly at Law -- 11. Bears of the World -- 12. No Going Back -- Acknowledgments -- Selected References -- Index -- Author
|
| 500 |
|
|
|a Electronic resource.
|
| 650 |
|
0 |
|a Grizzly bear
|x Conservation
|z West (U.S.)
|
| 650 |
|
0 |
|a Endangered species
|x Conservation
|z West (U.S.)
|
| 650 |
|
0 |
|a Wildlife conservation
|z West (U.S.)
|
| 655 |
|
7 |
|a Electronic books.
|2 local
|
| 776 |
1 |
8 |
|i Print version:
|a Chaney, Robert (Environment reporter).
|t The grizzly in the driveway
|b 1st.
|d Seattle : University of Washington Press, [2020]
|z 9780295747934
|w (DLC) 2020013482
|
| 856 |
4 |
0 |
|u http://proxy.library.tamu.edu/login?url=https://www.jstor.org/stable/10.2307/j.ctv1c7zfwx
|z Connect to the full text of this electronic book
|t 0
|
| 955 |
|
|
|a JSTOR DDA record
|
| 999 |
f |
f |
|s 7e33a206-9a54-30ab-9153-6f12a93f8af2
|i adfd773a-c9b5-369c-aa2e-5a93a7cd1ebf
|t 0
|
| 952 |
f |
f |
|a Texas A&M University
|b College Station
|c Electronic Resources
|d Available Online
|t 0
|h No information provided
|
| 998 |
f |
f |
|t 0
|l Available Online
|